|
|
|
|
| LEADER |
00000cam a2200000 i 4500 |
| 001 |
1/66505 |
| 008 |
150210s1993 gre d |
| 020 |
|
|
|a 960-04-0759-2
|
| 035 |
|
|
|l 10120990
|
| 040 |
|
|
|a GR-MY-UA
|b gre
|e aacr
|
| 041 |
0 |
|
|a gre
|
| 082 |
0 |
|
|a 938.764
|2 (23)
|
| 100 |
1 |
|
|a Χατζηπατέρας, Κώστας Ν.
|
| 245 |
1 |
0 |
|a Μαρτυρίες :
|b Κρήτη 1941 /
|c Κώστας Ν. Χατζηπατέρας, Μαρία Σ. Φαφαλιού
|
| 260 |
|
|
|a Αθήνα :
|b Κέδρος,
|c 1993
|
| 300 |
|
|
|a 501 σ.;
|c 28 εκ.
|
| 504 |
|
|
|a Περιέχει βιβλιογραφία (σ. 491-493) και ευρετήρια
|
| 650 |
|
0 |
|a World War, 1939-1945
|x Campaigns
|z Greece
|z Crete.
|
| 651 |
|
0 |
|a Crete (Greece)
|x History
|y Occupation, 1941-1945.
|
| 700 |
1 |
|
|a Φαφαλιού, Μαρία Σ.
|
| 852 |
|
|
|a INST
|b LESVOS
|e 20150210
|h 938.764 ΧΑΤ
|p 005100056084
|q 005100056084
|t BK
|y 0
|
| 901 |
|
|
|a BIBL1-2015-1
|
| 970 |
|
|
|a ΤΖΑΦΕΡΗ
|b ΕΥΑΓΓΕΛΙΑ
|z 2015/02/10
|